States of the US in alphabetical order - Statistics

General Stats
  • This quiz has been taken 2,329 times
  • The average score is 41 of 50
Answer Stats
State % Correct
Alabama
100%
Alaska
98%
Arizona
96%
Arkansas
95%
California
93%
Colorado
92%
Delaware
90%
Georgia
89%
Connecticut
88%
Florida
88%
Hawaii
87%
Illinois
87%
Indiana
87%
Idaho
86%
Iowa
85%
Kansas
85%
Kentucky
85%
Louisiana
85%
Maine
85%
Maryland
83%
New Jersey
81%
New York
81%
Michigan
80%
New Hampshire
80%
New Mexico
80%
Massachusetts
79%
Minnesota
79%
Mississippi
79%
Missouri
79%
Montana
79%
Nebraska
79%
North Carolina
79%
North Dakota
79%
Wyoming
79%
Nevada
78%
Ohio
78%
Oregon
78%
Pennsylvania
77%
Rhode Island
77%
South Carolina
77%
South Dakota
77%
Vermont
77%
Virginia
77%
West Virginia
77%
Oklahoma
76%
Utah
76%
Washington
76%
Tennessee
75%
Texas
75%
Wisconsin
75%
No matching quizzes found
Score Distribution
Percent of People with Each Score
Percentile by Number Answered
Your Score History
You have not taken this quiz